The social dimensions of adjustment priority survey : an instrument for the rapid identification and monitoring of policy target groups (Record no. 226956)

000 -LEADER
fixed length control field 00622cam a22001457a 4500
008 - FIXED-LENGTH DATA ELEMENTS--GENERAL INFORMATION
fixed length control field 180718b1991 xxu||||| |||| 00| 0 eng d
082 ## - DEWEY DECIMAL CLASSIFICATION NUMBER
Classification number XA9068 G899
100 ## - MAIN ENTRY--PERSONAL NAME
Personal name Grootaert, Christiaan
245 ## - TITLE STATEMENT
Title The social dimensions of adjustment priority survey : an instrument for the rapid identification and monitoring of policy target groups
Statement of responsibility, etc. by Christiaan Grootaert and Timothy Marchant
260 ## - PUBLICATION, DISTRIBUTION, ETC.
Place of publication, distribution, etc. Washington, D.C.
Name of publisher, distributor, etc. IBRD
Date of publication, distribution, etc. 1991
300 ## - PHYSICAL DESCRIPTION
Extent 180p.
440 ## - SERIES STATEMENT/ADDED ENTRY--TITLE
Title Social dimensions of adjustment in Sub-Saharan Africa workining paper no.12
650 ## - SUBJECT ADDED ENTRY--TOPICAL TERM
Topical term or geographic name entry element Household Surveys - Developing Countries
700 ## - ADDED ENTRY--PERSONAL NAME
Personal name Marchant,Timothy
Holdings
Withdrawn status Lost status Damaged status Not for loan Permanent Location Current Location Date acquired Full call number Barcode Date last seen Price effective from Koha item type
        Indian Institute of Public Administration Indian Institute of Public Administration 1993-06-08 XA9068 G899 WB2833 2018-07-20 2018-07-20 WB

Powered by Koha